Exploremos Cuba / (Record no. 21208)
[ view plain ]
| 000 -LEADER | |
|---|---|
| fixed length control field | 02038cam a2200553 i 4500 |
| 001 - CONTROL NUMBER | |
| control field | sjds2057585 |
| 003 - CONTROL NUMBER IDENTIFIER | |
| control field | sjds |
| 005 - DATE AND TIME OF LATEST TRANSACTION | |
| control field | 20180805211404.0 |
| 008 - FIXED-LENGTH DATA ELEMENTS--GENERAL INFORMATION | |
| fixed length control field | 160919t20172018mnuab j b 001 0 spa |
| 010 ## - LIBRARY OF CONGRESS CONTROL NUMBER | |
| LC control number | 2016042725 |
| 020 ## - INTERNATIONAL STANDARD BOOK NUMBER | |
| International Standard Book Number | 9781512441239 |
| Qualifying information | (library bound ; |
| -- | alk. paper) |
| 020 ## - INTERNATIONAL STANDARD BOOK NUMBER | |
| International Standard Book Number | 1512441236 |
| Qualifying information | (library bound ; |
| -- | alk. paper) |
| 020 ## - INTERNATIONAL STANDARD BOOK NUMBER | |
| International Standard Book Number | 9781512454024 |
| Qualifying information | (pbk. ; |
| -- | alk. paper) |
| 020 ## - INTERNATIONAL STANDARD BOOK NUMBER | |
| International Standard Book Number | 1512454028 |
| Qualifying information | (pbk. ; |
| -- | alk. paper) |
| 035 ## - SYSTEM CONTROL NUMBER | |
| System control number | 1554328 |
| 035 ## - SYSTEM CONTROL NUMBER | |
| System control number | (OCoLC)958876630 |
| 035 ## - SYSTEM CONTROL NUMBER | |
| System control number | (OCoLC)ocn958876630 |
| 035 ## - SYSTEM CONTROL NUMBER | |
| System control number | 1554328 |
| 040 ## - CATALOGING SOURCE | |
| Original cataloging agency | DLC |
| Language of cataloging | eng |
| Description conventions | rda |
| Transcribing agency | DLC |
| Modifying agency | OCLCO |
| -- | OCLCF |
| -- | OCLCO |
| -- | BTCTA |
| -- | OCLCQ |
| -- | BDX |
| -- | OCLCQ |
| -- | GL9 |
| -- | IFA |
| 041 1# - LANGUAGE CODE | |
| Language code of text/sound track or separate title | spa |
| Language code of original | eng |
| 042 ## - AUTHENTICATION CODE | |
| Authentication code | pcc |
| 043 ## - GEOGRAPHIC AREA CODE | |
| Geographic area code | nwcu--- |
| 049 ## - LOCAL HOLDINGS (OCLC) | |
| Holding library | IFAA |
| 099 ## - LOCAL FREE-TEXT CALL NUMBER (OCLC) | |
| Classification number | 972 |
| Filing suffix | 2017 |
| 999 ## - SYSTEM CONTROL NUMBERS (KOHA) | |
| Koha Dewey Subclass [OBSOLETE] | CHILDREN ESPANOL 972 MOON 2017 |
| 100 1# - MAIN ENTRY--PERSONAL NAME | |
| Personal name | Moon, Walt K., |
| Relator term | author. |
| 240 10 - UNIFORM TITLE | |
| Uniform title | <a href="Let's explore Cuba.">Let's explore Cuba.</a> |
| Language of a work | Spanish |
| 245 10 - TITLE STATEMENT | |
| Title | Exploremos Cuba / |
| Statement of responsibility, etc. | por Walt K. Moon. |
| 260 ## - PUBLICATION, DISTRIBUTION, ETC. (IMPRINT) | |
| Place of publication, distribution, etc. | Minneapolis : |
| Name of publisher, distributor, etc. | Ediciones Lerner, |
| Date of publication, distribution, etc. | [2017], c2018. |
| 264 #1 - PRODUCTION, PUBLICATION, DISTRIBUTION, MANUFACTURE, AND COPYRIGHT NOTICE | |
| Place of production, publication, distribution, manufacture | Minneapolis : |
| Name of producer, publisher, distributor, manufacturer | Ediciones Lerner, |
| Date of production, publication, distribution, manufacture, or copyright notice | [2017] |
| 264 #4 - PRODUCTION, PUBLICATION, DISTRIBUTION, MANUFACTURE, AND COPYRIGHT NOTICE | |
| Date of production, publication, distribution, manufacture, or copyright notice | c2018 |
| 300 ## - PHYSICAL DESCRIPTION | |
| Extent | 24 pages : |
| Other physical details | color map, color illustrations ; |
| Dimensions | 24 cm. |
| 336 ## - CONTENT TYPE | |
| Content type term | text |
| Content type code | txt |
| Source | rdacontent |
| 336 ## - CONTENT TYPE | |
| Content type term | still image |
| Content type code | sti |
| Source | rdacontent |
| 337 ## - MEDIA TYPE | |
| Media type term | unmediated |
| Media type code | n |
| Source | rdamedia |
| 338 ## - CARRIER TYPE | |
| Carrier type term | volume |
| Carrier type code | nc |
| Source | rdacarrier |
| 490 1# - SERIES STATEMENT | |
| Series statement | Bumba books en espanol-- Exploremos países |
| 504 ## - BIBLIOGRAPHY, ETC. NOTE | |
| Bibliography, etc | Includes bibliographical references (page 24) and index. |
| 505 00 - FORMATTED CONTENTS NOTE | |
| Title | Una visita a Cuba -- |
| -- | Mapa de Cuba -- |
| -- | Glosario de las fotografías. |
| 520 ## - SUMMARY, ETC. | |
| Summary, etc. | Describes the geography, animals, plants, cities, food, and sports of Cuba. |
| 521 1# - TARGET AUDIENCE NOTE | |
| Target audience note | Ages 4-7. |
| 521 2# - TARGET AUDIENCE NOTE | |
| Target audience note | Grades K-3. |
| 526 0# - STUDY PROGRAM INFORMATION NOTE | |
| Program name | Accelerated Reader AR |
| Interest level | LG |
| Reading level | 1.7 |
| Title point value | 0.5 |
| Public note | 187947. |
| 650 #7 - SUBJECT ADDED ENTRY--TOPICAL TERM | |
| Topical term or geographic name as entry element | Cuba |
| Form subdivision | Literatura juvenil. |
| Source of heading or term | bidex |
| 651 #0 - SUBJECT ADDED ENTRY--GEOGRAPHIC NAME | |
| Geographic name | Cuba |
| Form subdivision | Juvenile literature. |
| 776 08 - ADDITIONAL PHYSICAL FORM ENTRY | |
| Relationship information | Online version: |
| Main entry heading | Moon, Walt K. |
| Title | Exploremos Cuba. |
| Place, publisher, and date of publication | Minneapolis : Ediciones Lerner, [2017] |
| International Standard Book Number | 9781512449822 |
| Record control number | (DLC) 2016043098 |
| 830 #0 - SERIES ADDED ENTRY--UNIFORM TITLE | |
| Uniform title | Let's explore countries. |
| Language of a work | Spanish. |
| 942 ## - ADDED ENTRY ELEMENTS (KOHA) | |
| Koha item type | Libro/Book |
No items available.